Virtual Routing in the Cloud (Record no. 14126)

MARC details
000 -LEADER
fixed length control field 00359nam a2200145Ia 4500
008 - FIXED-LENGTH DATA ELEMENTS--GENERAL INFORMATION
fixed length control field 230312s9999||||xx |||||||||||||| ||und||
020 ## - INTERNATIONAL STANDARD BOOK NUMBER
International Standard Book Number 978-1-58714-494
082 ## - DEWEY DECIMAL CLASSIFICATION NUMBER
Classification number 004.6782
Item number DUR-V
100 ## - MAIN ENTRY--PERSONAL NAME
Personal name Durai;Arvind
245 #0 - TITLE STATEMENT
Title Virtual Routing in the Cloud
260 ## - PUBLICATION, DISTRIBUTION, ETC.
Name of publisher, distributor, etc. Cisco Press
Place of publication, distribution, etc. USA
Date of publication, distribution, etc. 2016
300 ## - PHYSICAL DESCRIPTION
Extent 333
650 ## - SUBJECT ADDED ENTRY--TOPICAL TERM
Topical term or geographic name entry element Computer
Form subdivision Computer
942 ## - ADDED ENTRY ELEMENTS (KOHA)
Koha item type BOOK
Holdings
Withdrawn status Lost status Source of classification or shelving scheme Damaged status Not for loan Home library Current library Date acquired Total Checkouts Full call number Barcode Date last seen Price effective from Koha item type
    Dewey Decimal Classification     Superior Information Resource Center (SIRC) Superior University- Main Campus Superior Information Resource Center (SIRC) Superior University- Main Campus 03/13/2023   004.6782 DUR-V 14261 03/13/2023 03/13/2023 BOOK

Powered by Koha